000 01252nam a2200325Ia 4500
001 ebr10296525
003 CaPaEBR
006 m u
007 cr cn|||||||||
008 080502s2008 inua s 001 0 eng d
010 _z 2008921683
020 _z0470223677 (pbk.)
020 _z9780470223673 (pbk.)
040 _aCaPaEBR
_cCaPaEBR
035 _a(OCoLC)608623928
050 1 4 _aTR465
_b.F572 2008eb
100 1 _aFitzgerald, Mark,
_d1953-
245 1 0 _aPhotoshop CS3 restoration and retouching bible
_h[electronic resource] /
_cMark Fitzgerald.
260 _aIndianapolis, Ind. :
_bWiley Pub.,
_cc2008.
300 _axxii, 489 p. :
_bill. (some col.)
500 _aIncludes index.
533 _aElectronic reproduction.
_bPalo Alto, Calif. :
_cebrary,
_d2011.
_nAvailable via World Wide Web.
_nAccess may be limited to ebrary affiliated libraries.
630 0 0 _aAdobe Photoshop.
650 0 _aPhotographs
_xConservation and restoration.
650 0 _aPhotography
_xDigital techniques.
650 0 _aPhotography
_xRetouching.
655 7 _aElectronic books.
_2local
710 2 _aebrary, Inc.
856 4 0 _uhttp://site.ebrary.com/lib/rucke/Doc?id=10296525
_zAn electronic book accessible through the World Wide Web; click to view
999 _c77352
_d77352